Представление документа в формате MARC21

ПолеНазваниеЗначение
  Тип записи a
  Библиографический уровень m
001 Контрольный номер RU/URAIT/588429
005 Дата корректировки 20260429163707.3
008 Кодируемые данные 260429s2026 RU y f j 000 0 rus u
020 Индекс ISBN __
a ISBN 978-5-534-14187-0
c Цена, тираж 3269.00
040 Источник каталогиз. __
a Служба первич. каталог. ИКО Юрайт
c Служба, преобразующая запись ИКО Юрайт
e Правила каталог. RCR
041 Код языка издания __
a Код языка текста rus
044 Код страны публикации __
a Код страны публикации RU
080 Индекс УДК __
a Индекс УДК 338.48:379.832(075.8)
084 Индекс другой классификации/Индекс ББК __
2 Источник индекса rubbk
a Индекс другой классификации/Индекс ББК 65.433я73
100 Автор __
a Автор Николенко П. Г.
q Полное имя Николенко Полина Григорьевна
245 Заглавие __
a Заглавие Техническое оснащение гостиничных и ресторанных комплексов
b Продолж. заглавия учебник для вузов
c Ответственность П. Г. Николенко, Е. А. Шамин, А. Е. Фролова.
256 Характеристики компьютерного файла __
a Характеристики компьютерного файла Электрон. дан.
260 Выходные данные __
a Место издания Москва
b Издательство Юрайт
c Дата издания 2026
300 Физическое описание __
a Объем 751 с
440 Серия __
a Серия Высшее образование
500 Примечания __
a Примечание URL: https://urait.ru/bcode/588429 (дата обращения: 29.04.2026).
520 Аннотация __
a Аннотация В курсе «Техническое оснащение гостиничных и ресторанных комплексов» изложены темы аудиторных (контактных) занятий одноименной дисциплины. Рассмотрены вопросы, связанные с техническим оснащением инфраструктурных объектов индустрии гостеприимства. Описана сложнейшая инженерная система обеспечения гостинично-ресторанного комплекса: водоснабжения, канализационная, теплоснабжения, кондиционирования, энергоснабжения. С позиций нормативно-правовой базы и эргономики представлено техническое оснащение жилой, общественной зон гостинично-ресторанных комплексов. Кратко освещено техническое оснащение дестинаций общественного питания. Для закрепления знаний по темам предложены задания и вопросы для обсуждения.
538 Прим. о системных особенностях __
a Прим. о системных особенностях Режим доступа: Электронно-библиотечная система Юрайт, для авториз. пользователей
653 Ключевые слова __
a Ключевые слова Туризм и гостеприимство
653 Ключевые слова __
a Ключевые слова Менеджмент
653 Ключевые слова __
a Ключевые слова Современное техническое и технологическое оснащение ресторанного бизнеса
653 Ключевые слова __
a Ключевые слова Надежность и обслуживание технического оборудования гостиниц и ресторанов
653 Ключевые слова __
a Ключевые слова Оборудование гостиничных комплексов
653 Ключевые слова __
a Ключевые слова Организация и управление ресторанным предприятием
653 Ключевые слова __
a Ключевые слова Санитария и гигиена предприятий гостинично-ресторанной сферы
653 Ключевые слова __
a Ключевые слова Техника и оборудование в гостиничной индустрии
653 Ключевые слова __
a Ключевые слова Техническое оснащение в ресторане
653 Ключевые слова __
a Ключевые слова Рабочие профессии в ресторанной деятельности
653 Ключевые слова __
a Ключевые слова Техническое оснащение и охрана труда в общественном питании
653 Ключевые слова __
a Ключевые слова Техническая эксплуатация зданий гостиниц и ресторанов
653 Ключевые слова __
a Ключевые слова Гостиничное хозяйство и ресторанный сервис
653 Ключевые слова __
a Ключевые слова Оборудование предприятий ресторанного бизнеса
653 Ключевые слова __
a Ключевые слова Техническое оснащение гостиничных и ресторанных комплексов
653 Ключевые слова __
a Ключевые слова Техническое и технологическое оснащение предприятий ресторанной деятельности
653 Ключевые слова __
a Ключевые слова Инженерно-техническое оборудование гостиниц
653 Ключевые слова __
a Ключевые слова Оборудование и организация гостиничных комплексов
653 Ключевые слова __
a Ключевые слова Гигиена и санитария гостиничных и ресторанных предприятий
653 Ключевые слова __
a Ключевые слова Комплексное оснащение ресторанов
653 Ключевые слова __
a Ключевые слова Технические средства и оборудование гостиничных предприятий
653 Ключевые слова __
a Ключевые слова Гигиена и санитария на предприятиях гостиничного и ресторанного бизнеса
653 Ключевые слова __
a Ключевые слова Технические средства оснащения предприятий гостиничного и ресторанного бизнеса
700 Другие авторы __
a Другие авторы Шамин Е. А.
q Полное имя Шамин Евгений Анатольевич
700 Другие авторы __
a Другие авторы Фролова А. Е.
q Полное имя Фролова Александра Евгеньевна
856 Электронный адрес документа 40
n Местонахождение сервера Юрайт
g Электронная книга
q Тип электронного формата html
h Имя пользователя ЮРАЙТ
v Часы доступа к ресурсу 20271231
2 Способ доступа Показать документ
x Служебное примечание https://urait.ru/book/cover/E61E1350-6BE8-4256-A8BA-5AE69303FB9B
u URL https://urait.ru/bcode/588429
856 Электронный адрес документа 48
q Тип электронного формата cover
u URL https://urait.ru/book/cover/E61E1350-6BE8-4256-A8BA-5AE69303FB9B
911 __
u 0030=https://urait.ru/bcode/588429
911 __
u 073a=9785534141870
u 073d=3269.00
911 __
u 106a=s
911 __
u 900l=
952 Тип литературы __
i Дисциплина Современное техническое и технологическое оснащение ресторанного бизнеса
952 Тип литературы __
i Дисциплина Надежность и обслуживание технического оборудования гостиниц и ресторанов
952 Тип литературы __
i Дисциплина Оборудование гостиничных комплексов
952 Тип литературы __
i Дисциплина Организация и управление ресторанным предприятием
952 Тип литературы __
i Дисциплина Санитария и гигиена предприятий гостинично-ресторанной сферы
952 Тип литературы __
i Дисциплина Техника и оборудование в гостиничной индустрии
952 Тип литературы __
i Дисциплина Техническое оснащение в ресторане
952 Тип литературы __
i Дисциплина Рабочие профессии в ресторанной деятельности
952 Тип литературы __
i Дисциплина Техническое оснащение и охрана труда в общественном питании
952 Тип литературы __
i Дисциплина Техническая эксплуатация зданий гостиниц и ресторанов
952 Тип литературы __
i Дисциплина Гостиничное хозяйство и ресторанный сервис
952 Тип литературы __
i Дисциплина Оборудование предприятий ресторанного бизнеса
952 Тип литературы __
i Дисциплина Техническое оснащение гостиничных и ресторанных комплексов
952 Тип литературы __
i Дисциплина Техническое и технологическое оснащение предприятий ресторанной деятельности
952 Тип литературы __
i Дисциплина Инженерно-техническое оборудование гостиниц
952 Тип литературы __
i Дисциплина Оборудование и организация гостиничных комплексов
952 Тип литературы __
i Дисциплина Гигиена и санитария гостиничных и ресторанных предприятий
952 Тип литературы __
i Дисциплина Комплексное оснащение ресторанов
952 Тип литературы __
i Дисциплина Технические средства и оборудование гостиничных предприятий
952 Тип литературы __
i Дисциплина Гигиена и санитария на предприятиях гостиничного и ресторанного бизнеса
952 Тип литературы __
i Дисциплина Технические средства оснащения предприятий гостиничного и ресторанного бизнеса